000 00275nam a2200097Ia 4500
001 768520
005 20250826165420.0
008 250824s9999 xx 000 0 und d
245 0 _aBU SUDAN BİR DİNOZOR İÇMİŞ OLABİLİR Mİ
_cROBERT E. WELLS
260 _bTÜBİTAK YAYINLARI
999 _c768520
_d768520